[Event "POR-ch U14/20"]
[Site "Fatima"]
[Date "2022.04.13"]
[Round "6"]
[White "Afonso, Joao Pedro"]
[Black "Nalivaiko, Maksim"]
[Result "1-0"]
[WhiteElo "1501"]
[BlackElo "1439"]
[PlyCount "83"]
[EventDate "2022.04.10"]
[EventType "swiss"]
[EventRounds "9"]
[EventCountry "POR"]
[SourceTitle "EXT 2023"]
[Source "ChessBase"]
[SourceDate "2022.10.05"]
[SourceVersion "1"]
[SourceVersionDate "2022.10.05"]
[SourceQuality "1"]

1. e4 e5 2. Nf3 Nc6 3. Bb5 Bc5 4. c3 Nge7 5. 0-0 0-0 6. d4 exd4 7. cxd4 Bb6 8. d5 a6 9. Ba4 Na7 10. Nc3 Ng6 11. e5 d6 12. Bg5 f6 13. exf6 gxf6 14. Bh6 Rf7 15. Bc2 Bd7 16. a4 Bc5 17. Ne4 Bb4 18. Nd4 Qc8 19. Qf3 Kh8 20. Ng5 Qe8 21. Nxf7+ Qxf7 22. Ne6 Ne5 23. Qe4 Bc5 24. Bg7+ Qxg7 25. Nxg7 Kxg7 26. Qxh7+ Kf8 27. Qh8+ Kf7 28. Qxa8 Bc8 29. b4 Bxb4 30. Qxa7 Bc5 31. Qb8 Bd7 32. Qxc7 Kf8 33. Rae1 Be8 34. Rxe5 fxe5 35. g4 b5 36. g5 bxa4 37. g6 a3 38. g7+ Kg8 39. Qe7 Bxf2+ 40. Kh1 Bg6 41. Qf8+ Kh7 42. Qh8# 1-0

[Event "POR-ch U14/20"]
[Site "Fatima"]
[Date "2022.04.12"]
[Round "5"]
[White "Nalivaiko, Maksim"]
[Black "Paiva, Rodrigo Garcia"]
[Result "0-1"]
[WhiteElo "1439"]
[BlackElo "1667"]
[PlyCount "94"]
[EventDate "2022.04.10"]
[EventType "swiss"]
[EventRounds "9"]
[EventCountry "POR"]
[SourceTitle "EXT 2023"]
[Source "ChessBase"]
[SourceDate "2022.10.05"]
[SourceVersion "1"]
[SourceVersionDate "2022.10.05"]
[SourceQuality "1"]

1. e4 c5 2. Nc3 e6 3. Bc4 a6 4. d3 b5 5. Bb3 Nc6 6. Nge2 Nf6 7. Bg5 Be7 8. Qd2 Qb6 9. a4 b4 10. Nd1 Na5 11. Nc1 Bb7 12. 0-0 c4 13. Bxf6 Bxf6 14. Bxc4 Nxc4 15. dxc4 Bxe4 16. Nd3 a5 17. Rb1 0-0 18. b3 Be7 19. Ne3 f5 20. Rfe1 Bf6 21. Qe2 Bc6 22. Rbd1 Bc3 23. Rf1 f4 24. Ng4 f3 25. Qe3 Bd4 26. c5 Bxe3 27. cxb6 fxg2 28. Rfe1 Bxb6 29. Nde5 Rac8 30. Nxc6 Rxc6 31. Rxd7 Rxc2 32. Rxe6 Bxf2+ 33. Nxf2 Rcxf2 34. Re5 Rb2 35. Rd1 Rbf2 36. Rd7 Rb2 37. Rd1 Rxb3 38. Rxa5 Rb2 39. Ra7 b3 40. a5 Rbf2 41. Rdd7 R2f7 42. Rdb7 b2 43. a6 b1Q+ 44. Kxg2 Qf1+ 45. Kg3 Qf3+ 46. Kh4 Rf4+ 47. Kg5 R8f5# 0-1